Les personnages morts dans Les Simpson - Statistiques

Statistiques générales
  • Ce quiz a été pris 148 fois
  • Le résultat moyen est 5 sur 9
Answers on the Grid
Answers color-coded by a green-red scale on the quiz's grid according to % correct below.
Abraham Simpson
Agnès Skinner
Boule de Neige II
Drederick Tatum
Edna Krapabelle
Frank Grimes
Gary Chalmers
Gencives Sanglantes
Gros Tony
Herbert Powell
Jasper
Jebediah Springfield
Krusty le clown
La folle aux chats
Lucille Botzkowski
Maude Flanders
Mona Simpson
Rainier Wolfcastle
Shary Bobbins
Troy McClure
 
Statistiques - réponses
Réponse % Correct
Boule de Neige II
69%
Maude Flanders
66%
Mona Simpson
64%
Gencives Sanglantes
55%
Frank Grimes
53%
Jebediah Springfield
53%
Gros Tony
45%
Edna Krapabelle
44%
Shary Bobbins
22%
Aucun quiz correspondant
Distribution des résultats
% des personnes avec chaque résultat
Percentile par nombre de réponses
Votre historique - résultats
Vous n’avez pas pris ce quiz